Plant engineers' reference book / (Record no. 60662)

000 -LEADER
fixed length control field 01008pam a2200289 a 4500
001 - CONTROL NUMBER
control field 1051288
003 - CONTROL NUMBER IDENTIFIER
control field NUST-PNEC
005 - DATE AND TIME OF LATEST TRANSACTION
control field 20170116180704.0
008 - FIXED-LENGTH DATA ELEMENTS--GENERAL INFORMATION
fixed length control field 900510s1991 enka bf 001 0 eng
010 ## - LIBRARY OF CONGRESS CONTROL NUMBER
LC control number 90002105
020 ## - INTERNATIONAL STANDARD BOOK NUMBER
International Standard Book Number 0750644524
040 ## - CATALOGING SOURCE
Original cataloging agency DLC
Transcribing agency PNEC
050 00 - LIBRARY OF CONGRESS CALL NUMBER
Classification number TS184
Item number .P58 1991
082 00 - DEWEY DECIMAL CLASSIFICATION NUMBER
Classification number 696 SNO
Edition number 20
100 ## - MAIN ENTRY--PERSONAL NAME
9 (RLIN) 297
Personal name Snow, Dennis A.
245 00 - TITLE STATEMENT
Title Plant engineers' reference book /
Statement of responsibility, etc. edited by Dennis A. Snow.
250 ## - EDITION STATEMENT
Edition statement 2nd ed.
260 ## - PUBLICATION, DISTRIBUTION, ETC.
Place of publication, distribution, etc. London ;
-- Boston :
Name of publisher, distributor, etc. Butterworth-Heinemann,
Date of publication, distribution, etc. c2002.
300 ## - PHYSICAL DESCRIPTION
Extent xvii. (various pagings) :
Other physical details ill. ;
Dimensions 26 cm.
500 ## - GENERAL NOTE
General note Includes Index http://www.amazon.com/Plant-Engineers-Reference-Book-Second/dp/0750644524/ref=sr_1_1?s=books&ie=UTF8&qid=1410933592&sr=1-1&keywords=0750644524
504 ## - BIBLIOGRAPHY, ETC. NOTE
Bibliography, etc. note Includes bibliographical references and index.
650 #0 - SUBJECT ADDED ENTRY--TOPICAL TERM
Topical term or geographic name entry element Plant engineering
General subdivision ME
700 1# - ADDED ENTRY--PERSONAL NAME
Personal name Snow, Dennis A.
906 ## - LOCAL DATA ELEMENT F, LDF (RLIN)
a 7
b cbc
c orignew
d 1
e ocip
f 19
g y-gencatlg
942 ## - ADDED ENTRY ELEMENTS (KOHA)
Source of classification or shelving scheme
Koha item type Book
Holdings
Withdrawn status Lost status Source of classification or shelving scheme Damaged status Not for loan Permanent Location Current Location Shelving location Date acquired Source of acquisition Cost, normal purchase price Total Checkouts Full call number Barcode Date last seen Cost, replacement price Price effective from Koha item type
          Pakistan Navy Engineering College (PNEC) Pakistan Navy Engineering College (PNEC) Reference 05/04/2004 Royal Book Company 12544.94   696 SNO PNECLIB-026483 09/17/2014 12544.94 05/04/2004 Book
© 2023 Central Library, National University of Sciences and Technology. All Rights Reserved.